VfL Bochum Squad 2021-2022 - Statistics

General Stats
  • This quiz has been taken 36 times
  • The average score is 18 of 33
Answer Stats
# Position Nation Player % Correct
1 GK Germany Manuel Riemann
96%
8 MF France Anthony Losilla
88%
2 DF Costa Rica Cristian Gamboa
88%
17 FW Philippines Gerrit Holtmann
83%
40 FW Germany Sebastian Polter
83%
10 FW Japan Takuma Asano
83%
37 DF Germany Armel Bella-Kotchap
79%
29 DF Germany Maxim Leitsch
79%
3 DF Brazil Danilo Soares
75%
21 GK Germany Michael Esser
71%
- Coach Germany Thomas Reis
71%
4 DF Serbia Erhan Mašović
67%
35 FW Congo Silvère Ganvoula
63%
22 FW Ghana Christopher Antwi-Adjei
58%
9 FW Germany Simon Zoller
58%
19 FW Netherlands Jürgen Locadia
54%
27 MF Serbia Miloš Pantović
54%
6 MF Germany Patrick Osterhage
50%
23 MF Germany Robert Tesche
50%
16 DF Greece Konstantinos Stafylidis
46%
5 DF Switzerland Saulo Decarli
46%
34 GK Germany Paul Grave
42%
13 MF Ghana Raman Chibsah
42%
15 FW Hungary Soma Novothny
42%
7 FW Germany Danny Blum
38%
38 MF Germany Eduard Löwen
38%
24 DF Greece Vasilios Lampropoulos
38%
20 MF Germany Elvis Rexhbeçaj
29%
11 DF Germany Herbert Bockhorn
29%
28 FW Germany Luis Hartwig
29%
32 FW Germany Tarsis Bonga
29%
14 FW Germany Tom Weilandt
21%
33 DF Germany Moritz Römling
13%
No matching quizzes found
Score Distribution
Percent of People with Each Score
Percentile by Number Answered
Your Score History
You have not taken this quiz